| 000 | 00869nam a2200217 i 4500 | ||
|---|---|---|---|
| 001 | 14589 | ||
| 003 | ES-MaACL | ||
| 005 | 20230906150838.0 | ||
| 007 | t| | ||
| 008 | 990428s1999 sp a |||| | spa d | ||
| 020 | _a84-923611-3-1 | ||
| 080 | _a394.2(460)(091) | ||
| 100 | 1 |
_aGonzález Hernández, Miguel Ángel. _958704 |
|
| 245 | 1 | 0 |
_aMoros y cristianos _b: del alarde medieval a las fiestas reales barrocas (ss. XV-XVIII) : orígenes y evolución de la fiesta / _cMiguel-Angel González Hernández. |
| 260 |
_aMonforte del Cid (Alicante) : _bAyuntamiento ; _aAlicante : _bDiputación Provincial, _c1999. |
||
| 300 |
_a300 p. : _bil. ; _c22 cm. |
||
| 650 | 4 |
_aMoros y cristianos (Fiesta)- _vHistoria. _915197 |
|
| 710 | 1 |
_aAlicante (Provincia). _bDiputación Provincial. _91336 |
|
| 710 | 1 |
_aMonforte del Cid. _bAyuntamiento. _95759 |
|
| 852 |
_aES-MaACL _jL-21835 |
||
| 999 |
_c14589 _d14589 |
||